000
00331nam a2200145Ia 4500
005
20251222144701.0
008
251222s9999||||xx |||||||||||||| ||spa||
020
_a
88-04-42137-1
082
_a
264.4/L29
100
_a
Laurentin, René
245
0
_a
Lourdes:
250
_a
1ra. ed.
264
_b
Arnoldo Mondadori
942
_c
LIB
999
_c
17436
_d
17436